000 00329nam a2200133 i 4500
001 bg
245 0 _aCzas reformy.System finansowy przedsiębiorstw państwowychZ.3.
260 _aWarszawa,
_c1983.
040 _cBPK
041 _apol
942 _cKS
008 s pl f |000 0 pol
999 _c21895
_d21895
856 _uhttp://koha.tu.koszalin.pl/cgi-bin/koha/opac-detail.pl?biblionumber=21895
_yKatalog online BPK